Statistics for Countries With the "Hottest" Girls from TheTopTens

Click here to take the quiz!

General Stats

  • This quiz has been taken 179 times
  • The average score is 14 of 20

Answer Stats

ContinentAnswer% Correct
North AmericaUnited States
93%
South AmericaBrazil
88%
EuropeFrance
87%
AsiaJapan
86%
Europe/AsiaRussia
84%
EuropeSpain
83%
OceaniaAustralia
79%
EuropeGermany
77%
EuropeItaly
76%
North AmericaMexico
76%
North AmericaCanada
75%
EuropeSweden
74%
EuropeNorway
60%
AsiaSouth Korea
59%
EuropeUkraine
56%
South AmericaColombia
54%
EuropePoland
53%
EuropeDenmark
40%
EuropeEngland
38%
AsiaPhilippines
29%

Score Distribution

Percentile by Number Answered

Percent of People with Each Score

Your Score History

You have not taken this quiz